| 000 | 00444cam a2200145 4500500 | ||
|---|---|---|---|
| 005 | 20251012032616.0 | ||
| 041 | _afre | ||
| 042 | _adc | ||
| 100 | 1 | 0 |
_aLourenço, Eduardo _eauthor |
| 245 | 0 | 0 | _aPrefácio. Breve viagem no espaço lusófono |
| 260 | _c2008. | ||
| 500 | _a99 | ||
| 786 | 0 | _nSigila | 21 | 1 | 2008-06-20 | p. 11-14 | 1286-1715 | |
| 856 | 4 | 1 | _uhttps://shs.cairn.info/revue-sigila-2008-1-page-11?lang=fr&redirect-ssocas=7080 |
| 999 |
_c1547823 _d1547823 |
||